مكتبة جامعة عجلون الوطنية

فهرس بحث المكتبة

فاعلية برنامج تدريبي مستند إلى نموذج التعلم القائم على تقرير المصير في تحسين مهارات الاستيعاب القرائي لدى الطلبة ذوي صعوبات التعلم = The Effectiveness of a Training Program Based on the Self-Determined Learning Model of Instruction (SDLMI) in Improving Reading Comprehension Skills among Students with Learning Disabilities / (Record no. 34013)

MARC details
000 -LEADER
fixed length control field 01383nam a22002057a 4500
003 - CONTROL NUMBER IDENTIFIER
control field JO-AjAnu
005 - DATE AND TIME OF LATEST TRANSACTION
control field 20250929133232.0
008 - FIXED-LENGTH DATA ELEMENTS--GENERAL INFORMATION
fixed length control field 250929b jo ||||| |||| 00| 0 ara d
040 ## - CATALOGING SOURCE
Original cataloging agency JO-AjAnu
Language of cataloging ara
Transcribing agency JO-AjAnu
Modifying agency JO-AjAnu
Description conventions rda
041 #0 - LANGUAGE CODE
Language code of text/sound track or separate title ara
Language code of original ara
050 ## - LIBRARY OF CONGRESS CALL NUMBER
Classification number LB1050.45
Item number 2025
100 #1 - MAIN ENTRY--PERSONAL NAME
Personal name الفوارس، ايمان يوسف ونس
Relator term معد
9 (RLIN) 66707
245 #0 - TITLE STATEMENT
Title فاعلية برنامج تدريبي مستند إلى نموذج التعلم القائم على تقرير المصير في تحسين مهارات الاستيعاب القرائي لدى الطلبة ذوي صعوبات التعلم = The Effectiveness of a Training Program Based on the Self-Determined Learning Model of Instruction (SDLMI) in Improving Reading Comprehension Skills among Students with Learning Disabilities /
Statement of responsibility, etc. اعداد ايمان يوسف ونس الفوارس ؛اشراف برهان محمود حمادنة
260 ## - PUBLICATION, DISTRIBUTION, ETC.
Date of publication, distribution, etc. 2025
300 ## - PHYSICAL DESCRIPTION
Extent 98 ورقة
504 ## - BIBLIOGRAPHY, ETC. NOTE
Bibliography, etc. note رسالة جامعية( رسالة ماجستير في صعوبات التعلم)- جامعة عجلون الوطنية (عجلون، الاردن)- كلية العلوم التربوية، قسم التربية الخاصة،2025.
650 70 - SUBJECT ADDED ENTRY--TOPICAL TERM
Topical term or geographic name entry element الاستيعاب القرائي- صعوبات التعلم.
9 (RLIN) 66708
700 #1 - ADDED ENTRY--PERSONAL NAME
Personal name حمادنه، برهان محمود
Relator term مشرف
9 (RLIN) 66709
942 ## - ADDED ENTRY ELEMENTS (KOHA)
Source of classification or shelving scheme Library of Congress Classification
Koha item type Thesis
Suppress in OPAC No
Holdings
Withdrawn status Lost status Source of classification or shelving scheme Damaged status Not for loan Home library Current library Date acquired Total Checkouts Full call number Barcode Date last seen Price effective from Koha item type
    Library of Congress Classification     مكتبة جامعة عجلون الوطنية مكتبة جامعة عجلون الوطنية 29/09/2025   LB1050.45 2025 a30324 29/09/2025 29/09/2025 Thesis
    Library of Congress Classification     مكتبة جامعة عجلون الوطنية مكتبة جامعة عجلون الوطنية 29/09/2025   LB1050.45 2025 a30323 29/09/2025 29/09/2025 Thesis